Methodological approach to selection in a seedlings evaluation trial (SET) (Record no. 62864)

MARC details
000 -LEADER
fixed length control field 00477nam a2200157Ia 4500
100 ## - MAIN ENTRY--AUTHOR NAME
Personal name Gnagne M
245 #0 - TITLE STATEMENT
Title Methodological approach to selection in a seedlings evaluation trial (SET)
260 ## - PUBLICATION, DISTRIBUTION, ETC. (IMPRINT)
Name of publisher Hevea 88: IRRDB, 2 August to 7 November 1988, Paris. pp.447-467.
650 ## - SUBJECT ADDED ENTRY--TOPICAL TERM
Topical Term Branching
650 ## - SUBJECT ADDED ENTRY--TOPICAL TERM
Topical Term Latex diagnosis
650 ## - SUBJECT ADDED ENTRY--TOPICAL TERM
Topical Term Production
650 ## - SUBJECT ADDED ENTRY--TOPICAL TERM
Topical Term Seedling evaluation trial
650 ## - SUBJECT ADDED ENTRY--TOPICAL TERM
Topical Term Selection
942 ## - ADDED ENTRY ELEMENTS (KOHA)
Koha item type Journals
Holdings
Withdrawn status Lost status Damaged status Not for loan Home library Current library Shelving location Date acquired Koha item type
      Journals RRII Library RRII Library Botany 17/12/2021 Journals